Managing Multimedia Equipment (Record no. 8215)

MARC details
000 -LEADER
fixed length control field 00696nam a22002057a 4500
003 - CONTROL NUMBER IDENTIFIER
control field OSt
005 - DATE AND TIME OF LATEST TRANSACTION
control field 20260203081129.0
008 - FIXED-LENGTH DATA ELEMENTS--GENERAL INFORMATION
fixed length control field 260203b |||||||| |||| 00| 0 eng d
020 ## - INTERNATIONAL STANDARD BOOK NUMBER
International Standard Book Number 974-8279-66-9.
040 ## - CATALOGING SOURCE
Original cataloging agency DWC-Main lib
Transcribing agency OC
082 ## - DEWEY DECIMAL CLASSIFICATION NUMBER
Classification number Res. 022.9076 J42m 1998
100 ## - MAIN ENTRY--PERSONAL NAME
Personal name Javes, Carol
245 ## - TITLE STATEMENT
Title Managing Multimedia Equipment
Statement of responsibility, etc. Javes, Carol
260 ## - PUBLICATION, DISTRIBUTION, ETC.
Place of publication, distribution, etc. Thailand :
Name of publisher, distributor, etc. Book Promotion & Service Co., Ltd.,
Date of publication, distribution, etc. c1998.
300 ## - PHYSICAL DESCRIPTION
Extent 144 pages ;
Dimensions 29 cm.
504 ## - BIBLIOGRAPHY, ETC. NOTE
Bibliography, etc. note Includes bibliographical references and index.
650 ## - SUBJECT ADDED ENTRY--TOPICAL TERM
Topical term or geographic name entry element 1. Audio-visual equipment-Problems, exrcises, etc.
650 ## - SUBJECT ADDED ENTRY--TOPICAL TERM
Topical term or geographic name entry element 2. Audio-visual library service-Problems, exrcises, etc.
942 ## - ADDED ENTRY ELEMENTS (KOHA)
Source of classification or shelving scheme Dewey Decimal Classification
Koha item type Book- Reserved
Call number prefix Res.
Suppress in OPAC No
952 ## - LOCATION AND ITEM INFORMATION (KOHA)
--
Holdings
Withdrawn status Lost status Source of classification or shelving scheme Damaged status Not for loan Home library Current library Shelving location Date acquired Source of acquisition Cost, normal purchase price Total Checkouts Full call number Barcode Date last seen Copy number Price effective from Koha item type Uniform Resource Identifier
    Dewey Decimal Classification     College Library College Library Reserved 09/11/2007 School Fund 425.00   Res. 022.9076 J42m 1998 45156 02/03/2026 c1 02/03/2026 BK-0 CIRC